000 00788cam a2200217 4500
001 ##l134673
008 060824n2006 000 0 eng u
020 _a0975834908
035 _a(Sirsi) u134673
041 0 _aeng
050 0 4 _a333.01 $2 18
100 1 _aMangioni, Vince
245 0 0 _aLand tax in Australia
260 _aSydney
_bAustralian Property Publications
_c2006
300 _ax, 148p.
_c23cm.
520 _aDiscusses the evolution and application of land tax in New South Wales, Victoria, Queensland, Western Australia and South Australia, as well as national land tax issues. Appendices contain a 2006 national land tax comparison table and a table of cases.
590 _aIKA 240806
651 4 _aAUSTRALIA
690 _aPROPERTY-PROPERTY TAXATION
942 _n0
999 _c105766
_d105766